[Event "Sautron op 15th"]
[Site "Sautron"]
[Date "2015.10.23"]
[Round "6.18"]
[White "Flachet, Thierry"]
[Black "Moyon, Pascal"]
[Result "1-0"]
[WhiteElo "2153"]
[BlackElo "1836"]
[PlyCount "57"]
[EventDate "2015.10.24"]
[EventType "swiss"]
[EventRounds "9"]
[EventCountry "FRA"]
[SourceTitle "EXT 2019"]
[Source "ChessBase"]
[SourceDate "2018.10.10"]
[SourceVersion "1"]
[SourceVersionDate "2018.10.10"]
[SourceQuality "1"]

1. Nf3 d5 2. d4 Nf6 3. c4 c6 4. Nc3 dxc4 5. a4 Bf5 6. Ne5 Nbd7 7. Nxc4 Qc7 8. f3 e5 9. e4 exd4 10. Ne2 Be6 11. Bf4 Bb4+ 12. Kf2 Qd8 13. Nxd4 0-0 14. Qc2 Qe7 15. Be2 Bxc4 16. Bxc4 Ne5 17. Be2 Bc5 18. Be3 Rfd8 19. Rhd1 Rd7 20. Kf1 Qf8 21. Rac1 Bb6 22. Qc3 Rad8 23. b4 Ng6 24. g3 Qe8 25. a5 Bxd4 26. Bxd4 Qe6 27. Bxa7 Rxd1+ 28. Rxd1 Rxd1+ 29. Bxd1 1-0

[Event "Sautron op 13th"]
[Site "Sautron"]
[Date "2013.10.??"]
[Round "1"]
[White "Moyon, Pascal"]
[Black "Perrier, Jean Francois"]
[Result "1/2-1/2"]
[WhiteElo "1839"]
[BlackElo "1715"]
[PlyCount "37"]
[EventDate "2013.10.26"]
[EventType "swiss"]
[EventRounds "9"]
[EventCountry "FRA"]
[SourceTitle "EXT 2016"]
[Source "ChessBase"]
[SourceDate "2015.10.08"]
[SourceVersion "1"]
[SourceVersionDate "2015.10.08"]
[SourceQuality "1"]

1. d4 d5 2. c4 e6 3. Nc3 c6 4. Nf3 dxc4 5. a4 Bb4 6. e4 b5 7. Be2 a5 8. 0-0 Ba6 9. Qc2 Nd7 10. d5 cxd5 11. exd5 exd5 12. Nxd5 Ngf6 13. Nxb4 axb4 14. axb5 Bxb5 15. Rxa8 Qxa8 16. Bxc4 Bxc4 17. Qxc4 0-0 18. Qxb4 Rb8 19. Qd4 1/2-1/2

[Event "Avoine op 28th"]
[Site "Avoine"]
[Date "2013.07.23"]
[Round "4"]
[White "Hortas, Igor"]
[Black "Moyon, Pascal"]
[Result "1-0"]
[WhiteElo "2124"]
[BlackElo "1837"]
[PlyCount "105"]
[EventDate "2013.07.20"]
[EventType "swiss"]
[EventRounds "9"]
[EventCountry "FRA"]
[SourceTitle "CBM 155 Extra"]
[Source "ChessBase"]
[SourceDate "2013.08.26"]
[SourceVersion "1"]
[SourceVersionDate "2013.08.26"]
[SourceQuality "1"]

1. d3 d5 2. e4 c6 3. Nc3 e5 4. Nf3 d4 5. Ne2 Bd6 6. Ng3 Ne7 7. c3 c5 8. Be2 Nbc6 9. 0-0 Bg4 10. h3 Bxf3 11. Bxf3 0-0 12. Bg4 Qc7 13. c4 Ng6 14. a3 a6 15. Nf5 Nce7 16. g3 Kh8 17. Qf3 Ng8 18. h4 N6e7 19. Bd2 Nxf5 20. Bxf5 Rfd8 21. h5 Bf8 22. Kg2 b5 23. Rfc1 Qb7 24. b3 a5 25. Rab1 Qc6 26. Bh3 Ra7 27. Qd1 Rb8 28. a4 b4 29. Qe2 Re8 30. Rh1 Ra6 31. Rbg1 Ne7 32. Kf1 Qc7 33. Ke1 Ng8 34. Kd1 Ne7 35. Rf1 Ng8 36. Rh2 Bd6 37. f3 Bf8 38. Qg2 Ra7 39. Qh1 Bd6 40. Rhf2 Nf6 41. h6 g6 42. f4 exf4 43. gxf4 Ng8 44. f5 Qd8 45. Qg2 Bf8 46. fxg6 fxg6 47. Bg5 Qb8 48. Be6 Qd6 49. Bf7 Rea8 50. Bd5 Re8 51. Bf7 Rea8 52. Rf6 Rxf7 53. Rxd6 1-0

[Event "Rohde op 12th"]
[Site "Sautron"]
[Date "2012.11.??"]
[Round "9"]
[White "Le Quang, Kim"]
[Black "Moyon, Pascal"]
[Result "1-0"]
[WhiteElo "2284"]
[BlackElo "1833"]
[PlyCount "47"]
[EventDate "2012.10.27"]
[EventType "swiss"]
[EventRounds "9"]
[EventCountry "FRA"]
[SourceTitle "EXT 2014"]
[Source "ChessBase"]
[SourceDate "2013.11.20"]
[SourceVersion "1"]
[SourceVersionDate "2013.11.20"]
[SourceQuality "1"]

1. c4 c6 2. g3 d5 3. Nf3 Nf6 4. Bg2 dxc4 5. 0-0 Nbd7 6. Na3 Nb6 7. Qc2 g6 8. Nxc4 Nxc4 9. Qxc4 Be6 10. Qc2 Bg7 11. e4 Qb6 12. d4 Rd8 13. h3 0-0 14. Be3 Qa5 15. Rfc1 Ne8 16. a3 Kh8 17. b4 Qa6 18. Bf1 b5 19. Qxc6 Qxc6 20. Rxc6 Nd6 21. Ng5 Bd7 22. Rc7 h6 23. e5 Ne8 24. Nxf7+ 1-0

[Event "Rohde op 12th"]
[Site "Sautron"]
[Date "2012.11.??"]
[Round "5"]
[White "Moyon, Pascal"]
[Black "Deltour, Quentin"]
[Result "0-1"]
[WhiteElo "1833"]
[BlackElo "1732"]
[PlyCount "42"]
[EventDate "2012.10.27"]
[EventType "swiss"]
[EventRounds "9"]
[EventCountry "FRA"]
[SourceTitle "EXT 2014"]
[Source "ChessBase"]
[SourceDate "2013.11.20"]
[SourceVersion "1"]
[SourceVersionDate "2013.11.20"]
[SourceQuality "1"]

1. d4 Nf6 2. c4 c5 3. Nf3 cxd4 4. Nxd4 e5 5. Nb3 d6 6. Nc3 Bf5 7. Bg5 Be7 8. e3 0-0 9. Bd3 Bg6 10. 0-0 Nbd7 11. Qe2 a6 12. Rfd1 e4 13. Bc2 Bh5 14. f3 exf3 15. gxf3 Ne5 16. Nd4 Qc8 17. b3 b5 18. Bxf6 Bxf6 19. Bf5 Nxf3+ 20. Kh1 Nxd4 21. Qxh5 Nxf5 0-1

[Event "Rohde op 06th"]
[Site "Sautron"]
[Date "2006.11.01"]
[Round "6"]
[White "Moyon, Pascal"]
[Black "Primel, Dominique"]
[Result "0-1"]
[WhiteElo "1900"]
[BlackElo "2056"]
[PlyCount "68"]
[EventDate "2006.10.28"]
[EventType "swiss"]
[EventRounds "9"]
[EventCountry "FRA"]
[SourceTitle "EXT 2007"]
[Source "ChessBase"]
[SourceDate "2006.11.23"]
[SourceVersion "1"]
[SourceVersionDate "2006.11.23"]
[SourceQuality "1"]

1. d4 Nf6 2. c4 e6 3. Nc3 Bb4 4. a3 Bxc3+ 5. bxc3 c5 6. e3 0-0 7. Bd3 Nc6 8. Ne2 b6 9. e4 Ne8 10. 0-0 Ba6 11. dxc5 bxc5 12. Be3 Ne5 13. Bxc5 d6 14. Bd4 Nxd3 15. Qxd3 Qc7 16. Rfe1 Bxc4 17. Qd2 e5 18. Be3 Nf6 19. f3 d5 20. Ng3 dxe4 21. fxe4 Rfd8 22. Qf2 Ng4 23. Qf3 Nxe3 24. Rxe3 Rd2 25. Ree1 Rad8 26. Red1 Be2 27. Rxd2 Bxf3 28. Rxd8+ Qxd8 29. gxf3 Qd3 30. Kf2 Qxc3 31. Rd1 Qc2+ 32. Ke1 g6 33. Ne2 Qb3 34. a4 Qxf3 0-1

[Event "Rohde op 06th"]
[Site "Sautron"]
[Date "2006.10.30"]
[Round "4"]
[White "Moyon, Pascal"]
[Black "Fantin, Ludwig"]
[Result "0-1"]
[WhiteElo "1910"]
[BlackElo "2246"]
[PlyCount "56"]
[EventDate "2006.10.28"]
[EventType "swiss"]
[EventRounds "9"]
[EventCountry "FRA"]
[SourceTitle "EXT 2007"]
[Source "ChessBase"]
[SourceDate "2006.11.23"]
[SourceVersion "1"]
[SourceVersionDate "2006.11.23"]
[SourceQuality "1"]

1. d4 Nf6 2. c4 e6 3. Nc3 Bb4 4. f3 d5 5. e3 0-0 6. Bd3 c5 7. a3 Ba5 8. dxc5 Bxc3+ 9. bxc3 dxc4 10. Bxc4 Qa5 11. Qb3 Qxc5 12. Qb4 Qg5 13. Kf2 a6 14. e4 Qh5 15. Be3 Nc6 16. Qc5 Ne5 17. Nh3 Nxc4 18. Qxc4 Bd7 19. Nf4 Qe5 20. Qb4 Rfc8 21. Ne2 Qc7 22. Bb6 a5 23. Qd4 Qc6 24. Rhd1 e5 25. Qe3 Be6 26. Rdc1 Nd7 27. Rab1 Ra6 28. Ba7 b6 0-1